| 000 | 00619cam a2200133 4500500 | ||
|---|---|---|---|
| 005 | 20260111091248.0 | ||
| 041 | _afre | ||
| 042 | _adc | ||
| 245 | 0 | 0 | _aNovo Cid-Fuentes A., Los misterios de la vida de Cristo en Ambrosio de Milán, coll. scientifica compostellana 12, Santiago de Compostela, Inst. Teol. Compostelano, 2003, 24x17, 549 p., 25 €. ISBN 84-933023-3-3 |
| 260 | _c2005. | ||
| 500 | _a16 | ||
| 786 | 0 | _nNouvelle revue théologique | 127 | 4 | 2005-12-15 | p. 623u-637u | 0029-4845 | |
| 856 | 4 | 1 | _uhttps://shs.cairn.info/revue-nouvelle-revue-theologique-2005-4-page-623u?lang=fr&redirect-ssocas=7080 |
| 999 |
_c1620746 _d1620746 |
||